000 00288nam a22001457a 4500
003 SGT
020 _a8175412003
082 _a320.954
_bLAL
100 _aLAL AMRIT
245 _aGOVERNANCE IN INDIA
250 _a1
260 _aDELHI
_bSHIPRA
_c2004
300 _a206
942 _2ddc
_cBK
999 _c25251
_d25251